Tři přednášky o dějinách a náboženství /

Main Author: Sokol, Jan, 1936-2021
Corporate Author: Univerzita Karlova. Pedagogická fakulta (Praha, Česko)
Language: Czech
Published: Praha : Pedagogická fakulta UK, 1996
Series: Studia paedagogica (Univerzita Karlova, Pedagogická fakulta)
Physical Description: 32 s. : il. ; 21 cm
Book
Saved in:
LEADER 01219nam a2200325 a 4500
001 000064462
003 CZ BrMZK
005 20230831064403.0
008 950313s1996 xr f cze d
040 |a BOA001  |b cze 
072 7 |a 2  |x Náboženství  |2 Konspekt  |9 5 
080 |a 21/29-1/-9(091)  |2 MRF 
080 |a 2-67  |2 MRF 
080 |a 2-6-8  |2 MRF 
080 |a (042.3)  |2 MRF 
100 1 |a Sokol, Jan,  |d 1936-2021  |7 jk01120341  |4 aut 
245 1 0 |a Tři přednášky o dějinách a náboženství /  |c Jan Sokol. 
260 |a Praha :  |b Pedagogická fakulta UK,  |c 1996 
300 |a 32 s. :  |b il. ;  |c 21 cm 
490 1 |a Studia paedagogica ;  |v č. 17 
500 |a Vědeckoinformační bulletin 
650 0 7 |a dějiny náboženství  |7 ph439608  |2 czenas 
650 0 7 |a náboženství a společnost  |7 ph138511  |2 czenas 
650 0 7 |a religionistika  |7 ph125111  |2 czenas 
655 7 |a přednášky  |7 fd133199  |2 czenas 
710 2 |a Univerzita Karlova.  |b Pedagogická fakulta (Praha, Česko)  |7 kn20010710353 
830 0 |a Studia paedagogica (Univerzita Karlova, Pedagogická fakulta)  |0 s 
910 |a BOA001  |b X-1018.709 
990 |a BK 
996 7 |b 2610034267  |c X-1018.709  |l MZK  |r Sklad / do 24 hodin  |n 19  |p p.v.  |w 000064462  |u 000010  |a 1  |e BOA001  |j MZK50  |s A